000 00263nam a2200109Ia 4500
008 220713s9999 xx 000 0 und d
020 _a978 0 7166 7733 8
082 _aJR 591.96 LEAR
100 _aNo author, editors only
245 0 _aWild Animals
942 _cBK
_y561
_zJohn Tresidder
999 _c697767
_d697766